LIBRARY & INFORMATION CENTRE, KCAET, TAVANUR

ONLINE PUBLIC ACCESS CATALOGUE (OPAC)

Fundamentals of food and nutrities / (Record no. 4746)

MARC details
000 -LEADER
fixed length control field 00473cam a2200181ua 4500
003 - CONTROL NUMBER IDENTIFIER
control field OSt
008 - FIXED-LENGTH DATA ELEMENTS--GENERAL INFORMATION
fixed length control field 240217b |||||||| |||| 00| 0 eng d
020 ## - INTERNATIONAL STANDARD BOOK NUMBER
ISBN 81 224 0262 3
041 ## - LANGUAGE CODE
Language code of text/sound track or separate title eng
082 ## - DEWEY DECIMAL CLASSIFICATION NUMBER
Classification number 641.1
Item number MUD/FU
100 ## - MAIN ENTRY--AUTHOR NAME
Personal name Mudambi, Sumati R .
245 ## - TITLE STATEMENT
Title Fundamentals of food and nutrities /
250 ## - EDITION STATEMENT
Edition statement 3rd ed.
260 ## - PUBLICATION, DISTRIBUTION, ETC. (IMPRINT)
Place of publication New Delhi :
Name of publisher New Age International Ltd ,
Year of publication 1990.
300 ## - PHYSICAL DESCRIPTION
Number of Pages 304 ; .
700 1# - ADDED ENTRY--PERSONAL NAME
Personal name Rajagopal, M. V
942 ## - ADDED ENTRY ELEMENTS (KOHA)
Koha item type Books
Holdings
Withdrawn status Lost status Damaged status Home library Current library Date acquired Full call number Accession Number Koha item type
      KAUAET KAUAET 17/02/2002 641.1 MUD/FU 19517 Books
free website counter